The Electromagnetic Spectrum - Statistics

General Stats
  • This quiz has been taken 106 times
  • The average score is 6 of 7
Answer Stats
Answer % Correct
Radiowaves
93%
Ultraviolet
93%
Gamma Rays
92%
Infrared
89%
X-Ray
89%
Visible light
82%
Microwaves
79%
No matching quizzes found
Score Distribution
Percent of People with Each Score
Percentile by Number Answered
Your Score History
You have not taken this quiz